000 00509nam a2200193 a 4500
001 1769080477715
003 YourLibrary
005 20260123163854.0
008 260122s1998##################000#0#eng##
020 _a9780521586009
082 0 4 _a303.64
_bTOD
100 1 _aTodd, Allan,
_eauthor.
245 1 0 _aRevolutions 1789-1917 :
260 _bCambridge University Press,
_c1998.
300 _a148 pages
650 0 _aJuvenile Nonfiction.
942 _cENGLISH
040 _aYourLibrary
_beng
_cYourLibrary
999 _c609001
_d609001